|
|
|
|
| LEADER |
00701cam a2200193 7i4500 |
| 001 |
0000027794 |
| 005 |
20120807090000.0 |
| 020 |
0 |
0 |
|a 0867302593
|
| 090 |
0 |
0 |
|a AM. N 381.41202573
|b DIR
|
| 245 |
0 |
0 |
|a 2012 Directory of department stores.
|
| 260 |
0 |
0 |
|a Tampa:
|b Chain Store Guide,
|c 2012.
|
| 300 |
# |
# |
|a 564 p.
|
| 650 |
0 |
0 |
|a Department stores --
|x Directories --
|z United States of America
|
| 650 |
0 |
0 |
|a Department stores --
|x Directories --
|z Canada
|
| 650 |
0 |
0 |
|a Chain stores --
|x Directories --
|z United States of America
|
| 650 |
0 |
0 |
|a Chain stores --
|x Directories --
|z Canada
|
| 651 |
0 |
0 |
|a United States of America
|
| 651 |
0 |
0 |
|a Canada
|
| 999 |
|
|
|a B000030677
|b Directories
|c Regions
|e Business Information Centre
|